| 000 | 01540nam a2200421 c 4500 | ||
|---|---|---|---|
| 001 | 23175 | ||
| 003 | ES-MaCES | ||
| 005 | 20240320040003.0 | ||
| 008 | 100716s2010 sp d t o000 | spa d | ||
| 017 |
_aM-24232-2010 _bDL |
||
| 020 | _a9788461410477 | ||
| 035 | _aCES20100005713m | ||
| 040 |
_aES-MaCES _bspa _cES-MaCES |
||
| 245 | 0 | 0 |
_aAnuario de relaciones laborales en España 2010 _b: objetivo trabajo _cUGT ; coord. general, Toni Ferrer Sais ; edits., Santos Miguel Ruesga Benito, Carlos Resa Nestares ; coords., Santos Miguel Ruesga Benito ... [et al.] |
| 260 |
_aMadrid _bComisión Ejecutiva Confederal de UGT _c[2010] |
||
| 300 |
_a403 p. _bgráf. col. _c30 cm |
||
| 500 | _aÍndices | ||
| 541 | _cGratuito | ||
| 650 | 4 |
_acondiciones de trabajo _928327 |
|
| 650 | 4 |
_anegociación colectiva _928362 |
|
| 650 | 4 |
_asindicalismo _929453 |
|
| 650 | 4 |
_apolítica laboral _928290 |
|
| 650 | 4 |
_apolítica social _927029 |
|
| 650 | 4 |
_aEspaña _926964 |
|
| 650 | 4 |
_a2010 _931233 |
|
| 650 | 4 |
_aanuario _928963 |
|
| 653 | 1 | 0 | _aRelaciones laborales-Empleo |
| 650 | 4 |
_928369 _arelaciones laborales |
|
| 650 | 4 |
_930664 _aconcertación social |
|
| 700 | 1 |
_aFerrer Sais, Antonio _ecol. _912081 |
|
| 700 | 1 |
_aRuesga Benito, Santos Miguel _edir. _922800 |
|
| 700 | 1 |
_aRuesga Benito, Santos Miguel _ecol. _922800 |
|
| 710 | 2 |
_aUnión General de Trabajadores de España _95144 |
|
| 700 | 1 |
_921924 _aResa Nestares, Carlos _eed. lit. |
|
| 902 | _aLIB Libro | ||
| 942 |
_2CES _cBK _h2.0. |
||
| 999 |
_c23175 _d23175 |
||